Social and Economic Change Monographs 54: (Record no. 189444)

MARC details
000 -LEADER
fixed length control field 00773nam a22002057a 4500
005 - DATE AND TIME OF LATEST TRANSACTION
control field 20220701102113.0
010 ## - LCCN (DPL NO)
LC control number ENG-132865
020 ## - INTERNATIONAL STANDARD BOOK NUMBER
International Standard Book Number 9788177911538
Terms of availability 160.00
035 ## - SYSTEM CONTROL NUMBER
System control number EN-116397
037 ## - SOURCE OF ACQUISITION
Source of stock number/acquisition DBAD/PUB
082 ## - DEWEY DECIMAL CLASSIFICATION NUMBER
Classification number 353.5333095487
100 ## - MAIN ENTRY--PERSONAL NAME
Personal name Madheswaran, S
245 ## - TITLE STATEMENT
Title Social and Economic Change Monographs 54:
Remainder of title Slum Governance in Karnataka: Trends, Issues and Roadmap/
Statement of responsibility, etc S Madheswaran, B P Vani and Sanjiv Kumar
260 ## - PUBLICATION, DISTRIBUTION, ETC. (IMPRINT)
Place of publication, distribution, etc Bangalore
Name of publisher, distributor, etc Institute for Social and Economic Change
Date of publication, distribution, etc 2018
270 ## - ADDRESS
Address Dr VKRV Rao Road, Nagarabhavi P.O.
City Bangalore
Postal code 560072
Telephone number 23215468, 23215519, 23215592
Electronic mail address admn@isec.ac.in
300 ## - PHYSICAL DESCRIPTION
Extent xi, 130p
Dimensions 23cm(pbk)
700 ## - ADDED ENTRY--PERSONAL NAME
Personal name Vani, B P
700 ## - ADDED ENTRY--PERSONAL NAME
Personal name Kumar, Sanjiv
942 ## - ADDED ENTRY ELEMENTS (KOHA)
Source of classification or shelving scheme Dewey Decimal Classification
Item type English Books
Classification part 353.5333095487
Call number suffix MAD
Holdings
Withdrawn status Lost status Not for loan Collection code Home library Current library Date acquired Source of acquisition Cost, normal purchase price Full call number Barcode Copy number Cost, replacement price Koha item type
      Non-fiction Ashok Vihar Ashok Vihar 01/07/2022 DBAD/PUB 160.00 353.5333095487 MAD EN-116397 1 160.00 English Books

© Delhi Public Library
Hit Counter
free hit counter